What belongs? / (Record no. 7429)

MARC details
000 -LEADER
fixed length control field 00968nam a22002657a 4500
001 - CONTROL NUMBER
control field 7429
003 - CONTROL NUMBER IDENTIFIER
control field FISKH
005 - DATE AND TIME OF LATEST TRANSACTION
control field 20250812161738.0
008 - FIXED-LENGTH DATA ELEMENTS--GENERAL INFORMATION
fixed length control field 250715b cb ||||| |||| 00| 0 eng d
020 ## - INTERNATIONAL STANDARD BOOK NUMBER
International Standard Book Number 9788120754720
040 ## - CATALOGING SOURCE
Original cataloging agency FISKH
Language of cataloging eng
Transcribing agency FISKH
Modifying agency FISKH
050 ## - LIBRARY OF CONGRESS CALL NUMBER
Classification number PZ7
082 ## - DEWEY DECIMAL CLASSIFICATION NUMBER
Classification number 398.2
100 ## - MAIN ENTRY--PERSONAL NAME
Personal name Shively, Julie
245 ## - TITLE STATEMENT
Title What belongs? /
260 ## - PUBLICATION, DISTRIBUTION, ETC.
Place of publication, distribution, etc. New Delhi :
Name of publisher, distributor, etc. Sterling Publishers,
Date of publication, distribution, etc. 2010.
300 ## - PHYSICAL DESCRIPTION
Extent 12 pages :
Other physical details color illustrations ;
Dimensions 24cm
505 ## - FORMATTED CONTENTS NOTE
Formatted contents note E<br/>
520 ## - SUMMARY, ETC.
Summary, etc. Featuring humorous rhyme and the antics of the Baby Looney Tunes, this book illustrated by Drew Rose teaches even the youngest toddler about the concept of sets: Sun, moon, stars and pie, Three of these shine in the sky. One of these out of place. Which does not belong in space?
521 8# - TARGET AUDIENCE NOTE
Target audience note 200<br/>
Source Lexile estimate<br/>
521 8# - TARGET AUDIENCE NOTE
Target audience note E<br/>
Source Raz-Plus<br/>
650 ## - SUBJECT ADDED ENTRY--TOPICAL TERM
Topical term or geographic name entry element Board Book
Form subdivision Picture Book
General subdivision Preschool Learning
942 ## - ADDED ENTRY ELEMENTS (KOHA)
Source of classification or shelving scheme Dewey Decimal Classification
Koha item type Books
Suppress in OPAC No
Holdings
Withdrawn status Lost status Source of classification or shelving scheme Damaged status Not for loan Collection Home library Current library Shelving location Date acquired Total Checkouts Full call number Barcode Date last seen Copy number Price effective from Koha item type
    Dewey Decimal Classification     Juvenile Fiction Footprints International School Library Network Toul Kork Campus Footprints International School Library Network Toul Kork Campus TK Primary Library Room(4th Floor), Bookcase 7, Shelves 57-60, Dark Green Books 07/15/2025   SHI 398.2 PZ7 2025-1858 07/15/2025 1 07/15/2025 Books
    Dewey Decimal Classification     Juvenile Fiction Footprints International School Library Network Toul Kork Campus Footprints International School Library Network Toul Kork Campus TK Primary Library Room(4th Floor), Bookcase 7, Shelves 57-60, Dark Green Books 08/12/2025   SHI 398.2 PZ7 2025-4074 08/12/2025 2 08/12/2025 Books